00520nam a2200169Ia 4500008004100000100001500041245007100056245001800127260003000145260000900175300002400184440005100208650002000259650003600279650001900315650001600334190427s9999 xx 000 0 und d aChen Leida aMobile work continuance of knowledge workers: An Empirical Study / cLeida Chen.-- bTaylor and Francis Group  c2018 apages 131-141, 2018 aJournal of Computer Inforamation Systemv58(2) aEmpirical study aExpectation-confirmation theory aIS continuance aMobile work